|
|
|
|
| LEADER |
00000cam a2200000 a 4500 |
| 001 |
vtls010489770 |
| 003 |
SK-MaSNL |
| 005 |
20260525110402.0 |
| 008 |
240318s2012 xr hoacf ah 000 0ccze |
| 015 |
|
|
|a SNBZSA2013-001256
|
| 020 |
|
|
|a 9788074221903
|q (viaz.)
|z 9788071261903
|
| 035 |
|
|
|a urn:nbn:sk:snk-am00a1g4
|
| 035 |
|
|
|a urn:nbn:sk:snk-am3hd4c
|
| 035 |
|
|
|a 8057460B-64D7-4380-A5DA-12A48C497230
|
| 040 |
|
|
|a SNK
|b slo
|c SNK
|e AACR2
|
| 041 |
0 |
|
|a cze
|b ger
|b eng
|b fre
|
| 043 |
|
|
|a e-cs---
|
| 044 |
|
|
|a xr
|c CZ
|
| 072 |
|
7 |
|a 328
|x Zastupiteľské orgány. Vlády. Politické systémy jednotlivých krajín
|2 konspekt
|
| 072 |
|
7 |
|a 929
|x Biografie
|2 konspekt
|
| 080 |
|
|
|a 328.1
|2 2001
|
| 080 |
|
|
|a 328.1:342.53
|2 2001
|
| 080 |
|
|
|a 321.72
|2 2001
|
| 080 |
|
|
|a 342.534
|2 2001
|
| 080 |
|
|
|a (437.3)
|2 2001
|
| 080 |
|
|
|a (437)
|2 2001
|
| 080 |
|
|
|a (048.8:082)
|2 2001
|
| 080 |
|
|
|a (0:82-94)
|2 2001
|
| 100 |
1 |
|
|a Tomeš, Josef,
|d 1954-
|4 aut
|9 125789
|
| 245 |
1 |
0 |
|a Tváře našich parlamentů
|b 150 let parlamentarismu v českých zemích 1861-2011
|c Josef Tomeš a kolektiv
|
| 246 |
3 |
|
|a Tváře našich parlamentů 1861-2011
|
| 246 |
3 |
0 |
|a 150 let parlamentarismu v českých zemích 1861-2011
|
| 250 |
|
|
|a 1. vyd.
|
| 260 |
|
|
|a Praha
|b NLN, Nakladatelství Lidové noviny
|c 2012
|
| 300 |
|
|
|a 647 s.
|b faks., fotogr., ilustr., portréty
|c 25 cm
|
| 504 |
|
|
|a Bibliogr.: s. 562-579 ; pozn. ; zoz.
|
| 546 |
|
|
|a Res. angl., nem., francúzs.
|
| 648 |
|
7 |
|a 19.-21. stor.
|2 SNKPH
|9 310626
|
| 648 |
|
7 |
|a 1861-2011
|2 SNKPH
|9 333264
|
| 648 |
|
7 |
|a 19th-21st centuries
|2 SNKPHeng
|9 316830
|
| 650 |
0 |
7 |
|a zákonodarné orgány
|2 SNKPH
|9 3645
|
| 650 |
0 |
7 |
|a Legislative bodies
|2 SNKPHeng
|9 267628
|
| 650 |
0 |
7 |
|a parlament
|2 SNKPH
|9 4811
|
| 650 |
0 |
7 |
|a Parliament
|2 SNKPHeng
|9 275353
|
| 650 |
0 |
7 |
|a parlamentná demokracia
|2 SNKPH
|9 3569
|
| 650 |
0 |
7 |
|a representative government and representation
|2 SNKPHeng
|9 333265
|
| 650 |
0 |
7 |
|a predsedovia parlamentu
|2 SNKPH
|9 333266
|
| 650 |
0 |
7 |
|a Speakers of parliament
|2 SNKPHeng
|9 333267
|
| 651 |
|
7 |
|a Česko
|2 SNKPH
|9 16753
|
| 651 |
|
7 |
|a Czechia
|2 SNKPHeng
|9 170107
|
| 651 |
|
7 |
|a Československo
|2 SNKPH
|9 21376
|
| 651 |
|
7 |
|a Czechoslovakia
|2 SNKPHeng
|9 265183
|
| 655 |
|
7 |
|a kolektívne monografie
|2 SNKPH
|9 249850
|
| 655 |
|
7 |
|a Collective monographs
|2 SNKPHeng
|9 125747
|
| 655 |
|
7 |
|a medailóny
|2 SNKPH
|9 294691
|
| 655 |
|
7 |
|a Biographical portraits
|2 SNKPHeng
|9 304692
|
| 919 |
|
|
|a 978-80-7422-190-3
|
| 958 |
|
|
|a ZS
|
| 958 |
|
|
|a NB
|
| 958 |
|
|
|a BX
|
| 958 |
|
|
|a SK
|
| 958 |
|
|
|a CZ
|
| 999 |
|
|
|c 580510
|d 582440
|
| 952 |
|
|
|a SNK
|b SNK
|y VYP
|7 0
|p 17A1094674
|o snkSC 155283 D1
|i snk2014/2654
|8 4
|g 34.80
|0 0
|1 0
|4 0
|d 2013-12-10
|l 0
|r 2026-02-23 14:48:59
|w 2026-02-23
|
| 952 |
|
|
|a SNK
|b SNK
|y PREZ
|7 0
|p 17A1074244
|o snkSC 155283
|i snk2013/16070
|8 4
|g 36.59
|0 0
|1 0
|4 0
|d 2013-06-17
|f 1
|l 0
|r 2025-07-25 00:00:00
|w 2026-02-23
|